[Event "BL 2017-18"]
[Site "Germany"]
[Date "2018.04.30"]
[Round "14.8"]
[White "Rafiee, Makan"]
[Black "Lammers, Markus"]
[Result "1-0"]
[WhiteElo "2348"]
[BlackElo "2305"]
[Annotator "TA"]
[PlyCount "111"]
[EventDate "2018.05.24"]
[EventType "team-tourn"]
[EventCountry "GER"]
[SourceTitle "playchess.com"]
[Source "ChessBase"]
[SourceQuality "1"]
[WhiteTeam "Bayern Muenchen"]
[BlackTeam "Zugzwang Muenchen"]

{[%evp 21,111,14,14,7,0,22,0,0,16,0,0,0,0,0,12,6,85,64,74,33,41,18,104,65,93,114,134,67,67,66,72,54,72,52,61,0,0,0,52,9,65,52,130,129,930,940,914,505,720,567,522,522,1995,439,366,139,147,142,138,133,185,1,182,180,197,0,0,0,491,464,485,551,518,505,474,463,1099,1056,1080,972,991,981,5161,5161,5097,5097,4132,1154,29987,29988,29989,29990]} 1. e4 e5 2. Nf3 Nf6 3. Nxe5 d6 4. Nf3 Nxe4 5. Nc3 Nxc3 6. dxc3 Be7 7. Bf4 O-O 8. Qd2 Nd7 9. O-O-O Nc5 10. Nd4 Re8 11. f3 {C42: Petroff Defence: 3 Nxe5 and unusual White 3rd moves} Ne6 {LiveBook: 27 Games} 12. Nxe6 (12. Be3 Bg5 13. h4 Bxe3 14. Qxe3 Nxd4 15. Qxd4 Qe7 16. Bc4 Qe3+ 17. Qxe3 Rxe3 {½-½ (17) Polgar,J (2687)-Ivanchuk,V (2756) Hoogeveen 2009}) 12... Bxe6 13. Kb1 {The position is equal.} Qd7 14. g4 $146 ({Predecessor:} 14. Bd3 Bf5 15. g4 Bxd3 16. Qxd3 Qa4 17. Bc1 Bf8 18. h4 Re6 {½-½ (58) Cuartas,C (2330)-Lirindzakis,T (2330) Thessaloniki 1984}) 14... b5 (14... Qa4 {looks sharper.} 15. b3 Qa3 16. Bd3 a5 17. Qf2 d5) 15. Bd3 d5 16. h4 {[%cal Bh2h4,Bh4h5,Bh5h6][%mdl 32]} c5 {[%cal Bc7c5,Bc5c4][%mdl 32]} 17. h5 c4 18. Bf1 Qb7 (18... h6 $11) 19. h6 $1 $36 {[%cal Rh6g7][%mdl 2048] White has some pressure.} g6 20. Qd4 {[%csl Gh6][%cal Rd4g7]} f6 21. Bh3 Qd7 (21... Qb6 $11 {keeps the balance.}) 22. Rde1 Kf7 23. Bg3 Rad8 24. Re2 (24. Bh4 $16) 24... Qc6 $14 25. Bf2 $1 ({But not} 25. Qxa7 d4 $15) ({Reject} 25. Rhe1 $6 Bc5 $11) 25... Bd7 26. Rhe1 Bf8 27. Rxe8 Rxe8 28. Rxe8 ({Not} 28. Qxa7 $2 Bc5 $1 $19 {[%mdl 512]}) (28. Rd1 $14) 28... Kxe8 $11 29. Be3 a6 ({Black should play} 29... Qb6 $1 $11) 30. Bg2 $14 Qe6 (30... Qd6 $1 $11) 31. f4 Qxg4 (31... Bxh6 $14 32. Bxd5 Qxg4) 32. Qxd5 $16 Qe6 $2 {[%mdl 8192]} (32... Be6 $16 33. Qa8+ Kf7) 33. Qa8+ $18 Bc8 34. Bd5 Qg4 35. Bf3 Qh3 36. Bb7 Bc5 37. Bc1 (37. f5 $142 Qf1+ 38. Bc1 Qxf5 39. Bxc8) 37... Kd8 38. Bxc8 $2 (38. Bxa6 $18 {has better winning chances. Strongly threatening Qd5+.} Qd7 39. Bxc8 Qxc8 40. Qa5+ Ke7 41. Qxb5) 38... Qxc8 $16 39. Qd5+ Ke7 {[#]} 40. a4 $1 {[%mdl 512]} Kf8 (40... Bg1 $16 {was called for.}) (40... bxa4 41. Qxc4) 41. Ka2 $2 ({White should try} 41. a5 $1 $18) 41... Ke7 $2 (41... Be7 $1 $11 {and Black is okay.}) 42. a5 $1 $18 Kf8 {[#]} 43. Bd2 $2 (43. f5 $1 $18 {[%mdl 512]}) 43... Be7 $11 44. b4 {And now Be3 would win.} Qd8 $2 {[%mdl 8192] [#]} (44... cxb3+ $1 $11 {and Black stays safe.} 45. cxb3 Qh3) 45. Qg2 $1 $18 Qd7 46. Be3 Kf7 47. Qa8 Qe6 48. Bc5 {Black must now prevent Qh8.} Qf5 (48... g5 $142 49. Bxe7 Kxe7 50. Qb7+ Qd7 51. Qxa6 gxf4) 49. Kb2 Bxc5 50. bxc5 Qxc5 51. Qxa6 {KQ-KQ} Ke7 52. Qb7+ Kd6 53. a6 {[%cal Ba5a6,Ba6a7][%mdl 32]} Qc7 54. Qxb5 (54. Qa8 $142 b4 55. a7 bxc3+ 56. Kc1) 54... Qc6 55. Qb8+ Qc7 56. a7 {Precision: White = 49%, Black = 34%.} 1-0

[Event "BL 2017-18"]
[Site "Germany"]
[Date "2018.04.30"]
[Round "14.9"]
[White "Wojtaszek, Radoslaw"]
[Black "Yankelevich, Lev"]
[Result "1-0"]
[WhiteElo "2744"]
[BlackElo "2411"]
[Annotator "TA"]
[PlyCount "69"]
[EventDate "2018.05.24"]
[EventType "team-tourn"]
[EventCountry "GER"]
[SourceTitle "playchess.com"]
[Source "ChessBase"]
[SourceQuality "1"]
[WhiteTeam "Baden-Baden"]
[BlackTeam "Speyer"]

{[%evp 9,69,33,21,17,21,37,50,20,27,19,29,20,0,0,48,29,54,49,45,47,55,51,40,40,47,38,53,66,45,52,91,68,80,80,242,246,351,348,368,360,362,367,363,356,354,335,347,341,337,275,278,266,627,567,600,590,551,441,449,463,449,473]} 1. Nf3 Nf6 2. c4 g6 3. Nc3 d5 4. cxd5 Nxd5 5. h4 Bg7 6. e4 {A16: English Opening: 1...Nf6 with ...d5} Nxc3 7. dxc3 Qxd1+ 8. Kxd1 {White is slightly better.} Nd7 9. Nd4 c5 10. Nb3 $146 ({Predecessor:} 10. Nc2 Ne5 11. Ne3 Bd7 12. a4 Bc6 13. f3 {½-½ (42) Vidit,S (2670)-Gupta,A (2607) Reykjavik 2017}) 10... b6 11. Kc2 Bb7 12. f3 O-O 13. h5 Ne5 14. h6 Bh8 15. Bg5 Bf6 16. Be3 {[%cal Bg5e3,Be3b6,Bb6d4][%mdl 32]} c4 17. Nd2 b5 18. a4 {[%cal Ba2a4,Ba4b5][%mdl 32]} a6 19. f4 Ng4 20. Bb6 {And now Be2 would win.} e5 21. Be2 Bc8 $2 (21... Bd8 $16 {was necessary.}) 22. axb5 $18 {Strongly threatening Bc5.} exf4 (22... Rb8 $142) 23. Nxc4 Be7 24. Bd4 Bb7 25. Bxg4 Bxe4+ 26. Kd2 axb5 27. Nb6 Rxa1 28. Rxa1 Bxg2 29. Nd7 Rd8 30. Bb6 Re8 $2 (30... Ra8 31. Rxa8+ Bxa8) 31. Re1 {White is clearly winning.} f5 32. Bd1 {[#] Intending Bb3+ and mate.} Bd5 33. Re5 Bf7 34. Bd4 Bg5 {[#]} 35. Nf6+ $1 {[%mdl 512] Precision: White = 86%, Black = 53%.} 1-0

[Event "BL 2017-18"]
[Site "Germany"]
[Date "2018.04.30"]
[Round "14.9"]
[White "Grandelius, Nils"]
[Black "Olszewski, Michal"]
[Result "1-0"]
[WhiteElo "2652"]
[BlackElo "2538"]
[Annotator "TA"]
[PlyCount "67"]
[EventDate "2018.05.24"]
[EventType "team-tourn"]
[EventCountry "GER"]
[SourceTitle "playchess.com"]
[Source "ChessBase"]
[SourceQuality "1"]
[WhiteTeam "Hamburg SK"]
[BlackTeam "Norderstedt"]

{[%evp 15,67,0,35,26,57,39,194,213,229,216,224,208,223,41,51,48,53,42,47,62,51,63,67,67,104,124,127,107,100,19,28,12,21,29,83,73,74,83,162,180,178,149,202,212,350,351,381,328,939,728,792,695,1225,1172]} 1. e4 c5 2. Nf3 d6 3. d4 cxd4 4. Nxd4 Nf6 5. Nc3 a6 6. Bg5 Nbd7 7. Bc4 e6 8. O-O {B94: Sicilian Najdorf: 6 Bg5 Nbd7} (8. a4 Qa5 9. Qd2 Be7 10. O-O h6 11. Be3 Ne5 12. Be2 Bd7 13. Kh1 Rc8 14. f4 Nc4 15. Bxc4 Rxc4 {0-1 (45) Jobava,B (2730)-Le,Q (2693) Amsterdam 2012}) 8... Qa5 {LiveBook: 13 Games} 9. f4 Qc5 10. Bb3 $1 {White is slightly better.} e5 $2 (10... Be7 $14) 11. fxe5 $18 dxe5 12. Qh5 $146 {[%cal Rh5f7]} ({Predecessor:} 12. Qf3 Be7 13. Kh1 exd4 14. Nd5 O-O 15. Rae1 Nxd5 16. Bxe7 Nxe7 17. Bxf7+ Kh8 18. Qh5 Qxh5 19. Bxh5 Rxf1+ 20. Rxf1 {0-1 (20) Zaffaroni,J (2010)-Armas,J (2385) France 2002}) 12... g6 {[#]} (12... Nxh5 13. Bxf7#) 13. Qh4 $1 Be7 14. Bxf6 $2 (14. Rxf6 $18 Nxf6 15. Bxf6 Qxd4+ 16. Kh1) 14... Nxf6 $14 (14... Bxf6 $2 15. Rxf6 Nxf6 16. Qxf6 $18) 15. Rxf6 O-O (15... Bxf6 $6 16. Qxf6 Qxd4+ 17. Kh1 $18) 16. Nd5 Qxd4+ 17. Kh1 Bd8 18. c3 $1 {[%cal Rc3d4]} Qd2 19. Qg3 Bxf6 20. Nxf6+ Kh8 {[#] Threatens to win with ...Qf4.} (20... Kg7 $2 21. Qxe5 Kh6 22. g4 $18) 21. Qxe5 {White threatens Ne8+ and mate.} Qh6 (21... Qxb2 $2 22. Rf1 $18) 22. Ne8+ ({White should try} 22. Bd5 $16) 22... f6 $1 $11 {[%cal Rf6e5]} 23. Qe7 $1 $36 {[%mdl 2048] Nd6 is the strong threat. White has the initiative.} Be6 $1 24. Nc7 $1 {[%cal Rc7e6]} (24. Nxf6 Bxb3 25. axb3 Qg7 $17) 24... Bxb3 (24... Rf7 $11 {keeps the balance.} 25. Qd6 (25. Qxe6 Rxc7 26. Qxf6+ Qg7 $11) 25... Bxb3 26. Nxa8 Bxa2) 25. Nxa8 $16 (25. axb3 $6 Rad8 $11) 25... Bg8 26. Qxb7 Rd8 (26... Re8 $16) 27. Nc7 $18 Rd2 28. Ne8 {Strongly threatening Qe7.} (28. Nxa6 $6 Qh5 $16) 28... Qf8 (28... Rc2 $16 {might work better.} 29. Rg1 Rc1) 29. Qxa6 Bxa2 (29... f5 {was called for.} 30. Qc6 Qe7) 30. Nxf6 ({Weaker is} 30. Qxa2 Qxe8 31. Qa3 Kg7 $16) (30. Qxf6+ Qxf6 31. Nxf6 Kg7 $16) 30... Rxb2 31. h3 Qc5 $2 (31... Kg7 32. Ng4 (32. Rxa2 Rb1+ 33. Kh2 Qxf6 $18) 32... h5) 32. Ng4 {White is clearly winning.} Qxc3 33. e5 {Qf6+ would kill now.} Rf2 34. Rd1 {Precision: White = 68%, Black = 30%.} ({And not} 34. Nxf2 Qxa1+ 35. Kh2 Qxe5+ 36. g3 Bd5 $11) 1-0

[Event "BL 2017-18"]
[Site "Germany"]
[Date "2018.04.30"]
[Round "14.9"]
[White "Buhmann, Rainer"]
[Black "Zude, Arno"]
[Result "1-0"]
[WhiteElo "2589"]
[BlackElo "2372"]
[Annotator "TA"]
[PlyCount "49"]
[EventDate "2018.05.24"]
[EventType "team-tourn"]
[EventCountry "GER"]
[SourceTitle "playchess.com"]
[Source "ChessBase"]
[SourceQuality "1"]
[WhiteTeam "Hockenheim"]
[BlackTeam "SV Hofheim"]

{[%evp 16,49,25,37,41,31,22,33,25,31,49,43,30,51,219,223,228,238,230,200,247,243,287,277,277,283,276,265,686,697,800,799,772,768,719,657]} 1. e4 e5 2. Nf3 Nc6 3. Bb5 a6 4. Ba4 d6 5. c3 Bd7 6. O-O Nf6 7. Bc2 g6 8. d4 Bg7 9. h3 O-O {C60: Ruy Lopez: Unusual Black 3rd moves and 3...g6} 10. Be3 Re8 11. Nbd2 (11. d5 Ne7 12. c4 h6 13. Nc3 Nh5 14. Nd2 Rf8 15. c5 Nf4 16. a4 f5 {1-0 (77) Paehtz,E (2464)-Batsiashvili,N (2502) Riadh 2017}) 11... exd4 {White is slightly better.} 12. cxd4 Nb4 13. Bb3 Bb5 14. Ng5 Re7 $146 {[#]} ({Black should play} 14... d5 $14) ({Predecessor:} 14... d5 15. e5 Bxf1 16. Nxf1 Ne4 17. Nxe4 dxe4 {½-½ (49) Neborak,Y (2326)-Gilberd,G (1788) ICCF email 2015}) 15. Nxf7 $18 Rxf7 16. Bxf7+ Kxf7 17. Qb3+ d5 18. Qxb4 Bxf1 19. Rxf1 ({But not} 19. Kxf1 $6 dxe4 20. Qxb7 Qb8 $18) 19... dxe4 20. Qxb7 Rb8 21. Qxa6 Rxb2 $2 (21... Qd5 22. Rc1 Ne8) 22. Nc4 {White is clearly winning.} Rb8 23. Ne5+ Kf8 24. Qc4 {[%csl Ge5][%cal Rc4f7] [#]} Qe8 25. Bd2 {Precision: White = 100%, Black = 49%.} 1-0

[Event "BL 2017-18"]
[Site "Germany"]
[Date "2018.04.30"]
[Round "14.10"]
[White "Trent, Lawrence"]
[Black "Svane, Rasmus"]
[Result "0-1"]
[WhiteElo "2440"]
[BlackElo "2587"]
[Annotator "TA"]
[PlyCount "156"]
[EventDate "2018.05.24"]
[EventType "team-tourn"]
[EventCountry "GER"]
[SourceTitle "playchess.com"]
[Source "ChessBase"]
[SourceQuality "1"]
[WhiteTeam "Norderstedt"]
[BlackTeam "Hamburg SK"]

{[%evp 9,156,17,17,17,21,5,4,-7,7,0,0,0,0,0,0,-7,29,-1,0,0,0,4,16,16,17,17,18,0,2,0,0,-14,-14,-14,-14,-14,-16,-16,-16,-16,-16,-30,-14,-21,-16,-58,-69,-77,-73,-74,-73,-116,-114,-133,-112,-113,-108,-120,-111,-127,-110,-177,-186,-178,-178,-164,-160,-189,-186,-187,-187,-187,-172,-187,-187,-181,-180,-221,-199,-225,-221,-261,-208,-266,-264,-279,-231,-259,-278,-279,-279,-279,-279,-287,-279,-363,-275,-312,-242,-270,-244,-240,-206,-229,-200,-205,-188,-207,0,-205,-195,-263,-237,-263,-256,-237,-237,-277,-277,-374,-371,-352,-287,-334,-291,-332,-329,-369,-393,-392,-385,-359,-325,-546,-550,-536,-512,-532,-495,-522,-499,-826,-810,-2178,-1970,-1867,-1185,-2072,-812]} 1. Nf3 d5 2. c4 c6 3. e3 Nf6 4. Nc3 a6 5. b3 Bf5 6. Be2 {A11: English Opening: 1...c6} h6 7. O-O e6 8. Bb2 {The position is equal.} Bb4 $146 ({Predecessor:} 8... Nbd7 9. Re1 Be7 10. Bf1 O-O 11. d3 Bh7 12. Qc2 e5 13. e4 dxe4 14. Nxe4 {1-0 (50) Nepomniachtchi,I (2730)-Laznicka,V (2679) Dubai 2014}) 9. a3 Bd6 10. d4 Nbd7 11. b4 O-O 12. c5 Be7 13. Nb1 Qc7 14. Nbd2 a5 15. Bc3 axb4 16. axb4 b6 17. Qb3 bxc5 18. bxc5 (18. dxc5 {feels hotter.} Ne4 19. Nxe4 Bxe4 20. Qb2 Bxf3 21. Bxf3 Bf6 22. Bxf6 Nxf6 23. Rxa8 Rxa8 24. Ra1) 18... e5 19. Rxa8 Rxa8 20. Ra1 Rxa1+ 21. Bxa1 exd4 22. exd4 Ne4 23. Nxe4 Bxe4 24. Bc3 Bf6 25. g3 Qc8 26. Nd2 Bf5 27. Bf1 Nf8 28. Qb6 Ne6 29. Qb2 Qa8 30. Bg2 Qa4 {[%cal Rf6d4]} 31. Qb3 Qxb3 32. Nxb3 Bc2 33. Na5 Ba4 ({Much less strong is} 33... Nxd4 34. Bxd4 Bxd4 35. Nxc6 $15) 34. Bh3 {[#]} Nxc5 $1 {[%mdl 512] aiming for ...Ne4.} 35. Bb4 (35. Kg2 $17) (35. dxc5 Bxc3) 35... Nd3 $19 36. Bc3 c5 37. Bg2 Nb4 38. Bxb4 cxb4 39. Bxd5 Bxd4 $17 {[%mdl 4096] Endgame KBB-KBN} 40. Nb3 Bb6 41. Bc4 Kf8 42. Kf1 Ke7 43. Ke2 Bd7 44. Nd2 g5 45. Bd3 Bg4+ 46. Kf1 Bd4 47. Nb3 Bc3 48. Na5 Be6 49. Bc2 Kd6 50. Ke2 Bd4 51. Nb3 Bb6 52. Nd2 f5 53. h3 Kc5 54. Kd3 Bd7 55. Bb3 Bd8 56. Bg8 Bf6 57. Nb3+ Kb5 58. Nd4+ Kc5 59. Nb3+ Kd6 60. Na5 (60. f4 $142) 60... Bc3 61. Bc4 Ke5 62. Bg8 Kf6 63. Bd5 h5 64. Bf3 Bb5+ 65. Ke3 Be8 66. Bd1 Bf7 67. Nb3 h4 68. gxh4 f4+ 69. Ke2 {If only White now had time for hxg5+....} gxh4 70. Nc5 Bg6 71. f3 $2 {[#]} (71. Ba4) 71... Bf5 $19 {Black is clearly winning.} 72. Ne4+ Ke5 73. Nf2 Kd4 74. Bb3 Bb2 75. Bf7 (75. Kd2 $142) 75... Bc1 76. Kd1 Be3 77. Ng4 Kc3 78. Z0 Bg1 {Precision: White = 41%, Black = 82%.} (78... b3 $142 79. Bxb3 Kxb3) 0-1

[Event "BL 2017-18"]
[Site "Germany"]
[Date "2018.04.30"]
[Round "14.11"]
[White "Huschenbeth, Niclas"]
[Black "Ostrovskiy, Andrey"]
[Result "1-0"]
[WhiteElo "2560"]
[BlackElo "2434"]
[Annotator "TA"]
[PlyCount "87"]
[EventDate "2018.05.24"]
[EventType "team-tourn"]
[EventCountry "GER"]
[SourceTitle "playchess.com"]
[Source "ChessBase"]
[SourceQuality "1"]
[WhiteTeam "Hamburg SK"]
[BlackTeam "Norderstedt"]

{[%evp 25,87,-27,16,21,18,4,20,25,27,0,7,-15,-13,-15,-17,-50,-6,-8,0,0,0,-10,6,0,16,16,22,0,17,15,0,0,0,0,0,0,0,0,0,0,0,0,0,0,135,127,434,420,1339,1303,11842,6741,6609,5600,5065,2493,29960,29966,29950,29954,12800,6087,5158,5065]} 1. d4 Nf6 2. Nf3 e6 3. Bf4 c5 4. e3 d5 5. Nbd2 Nc6 6. c3 Bd6 7. Bg3 O-O 8. Bd3 b6 9. e4 {D02: 1 d4 d5 2 Nf3 sidelines, including 2...Nf6 3 g3 and 2...Nf6 3 Bf4} Be7 10. e5 Nh5 11. Ng5 (11. Nf1 cxd4 12. Nxd4 Nxd4 13. cxd4 g6 14. Ne3 f5 15. exf6 Bxf6 16. Be2 Nxg3 17. hxg3 {½-½ (37) Nakamura,H (2787)-Svidler,P (2760) Moscow 2018}) 11... Bxg5 12. Qxh5 g6 13. Qe2 f5 {LiveBook: 6 Games} 14. f4 Be7 15. Nf3 c4 16. Bc2 b5 {[%cal Bb6b5,Bb5b4][%mdl 32]} 17. a3 $146 Bd7 18. O-O a5 19. Bf2 b4 20. Kh1 Rf7 21. Rg1 Qf8 {[%cal Rb4a3]} 22. Bh4 Bxh4 23. Nxh4 Qh6 24. Qf2 Rb8 25. axb4 axb4 26. Ba4 Nd8 (26... Na7 {is more complex.} 27. Bxd7 Rxd7 28. g4 bxc3 29. bxc3 fxg4 30. Rxg4 Rdb7) 27. Bxd7 Rxd7 28. g4 bxc3 29. bxc3 {Threatens to win with gxf5.} fxg4 30. Rxg4 {And now Rag1 would win.} Rdb7 31. f5 {[%cal Rh4g6] aiming for Nxg6!} Rb1+ 32. Rxb1 Rxb1+ 33. Kg2 Qc1 {[#]} 34. Nxg6 $1 {[%mdl 512]} Rb2 (34... hxg6 $11 35. Rxg6+ Kf7 36. fxe6+ Kxg6) 35. Nf4+ $16 Kh8 $2 {[%mdl 8192]} (35... Kf7 $16 36. fxe6+ Ke8) 36. Ne2 $18 Qd1 {[#]} (36... exf5 $142 37. Nxc1 Rxf2+ 38. Kxf2 fxg4) 37. Qg3 $1 {[%csl Gg3][%cal Rg4g8]} Rxe2+ 38. Kh3 {[%csl Gg3][%cal Rg4g8]} Qf1+ 39. Kh4 {[%csl Gg3][%cal Rg4g8]} Rxh2+ 40. Qxh2 {White wants to mate with f6.} exf5 41. Rg1 Qf3 42. Qg3 Qxg3+ 43. Kxg3 Ne6 44. Kf3 {Precision: White = 69%, Black = 35%.} 1-0

[Event "BL 2017-18"]
[Site "Germany"]
[Date "2018.04.30"]
[Round "14.12"]
[White "Kopylov, Michael"]
[Black "Kollars, Dmitrij"]
[Result "1/2-1/2"]
[WhiteElo "2421"]
[BlackElo "2534"]
[Annotator "TA"]
[PlyCount "77"]
[EventDate "2018.05.24"]
[EventType "team-tourn"]
[EventCountry "GER"]
[SourceTitle "playchess.com"]
[Source "ChessBase"]
[SourceQuality "1"]
[WhiteTeam "Norderstedt"]
[BlackTeam "Hamburg SK"]

{[%evp 20,77,47,24,15,18,5,22,22,22,18,0,61,64,82,80,87,69,75,77,73,68,73,65,58,67,101,99,99,92,102,104,112,110,128,112,108,104,104,107,103,104,110,106,109,111,119,116,116,120,135,129,111,101,80,0,104,0,79,0]} 1. d4 Nf6 2. c4 g6 3. g3 Bg7 4. Bg2 O-O 5. Nf3 d6 6. O-O Nc6 7. Nc3 e5 8. dxe5 Nxe5 9. b3 Nxf3+ 10. Bxf3 Re8 11. Bb2 Bh3 {E67: King's Indian: Fianchetto: 6...Nbd7} 12. Re1 c6 13. Qd2 {[#]} Qe7 $146 {The position is equal.} ({Predecessor:} 13... Qa5 14. Rad1 Rad8 15. Nd5 Qxd2 16. Nxf6+ Bxf6 17. Rxd2 Bxb2 18. Rxb2 {½-½ (51) Prohaszka,P (2614)-Liang,A (2554) Saint Louis 2017}) 14. Rad1 Rad8 15. Qd4 Ng4 (15... a6 $11) 16. Nd5 $1 $14 {[%csl Gb2][%cal Rd4g7] [#]} Qe5 17. Nf4 Qxd4 18. Bxd4 ({Much worse is} 18. Rxd4 $6 Ne5 $11) 18... Bxd4 19. Rxd4 Ne5 20. Red1 Bf5 21. Rxd6 Rxd6 22. Rxd6 Nxf3+ 23. exf3 $16 {[%mdl 4096] Endgame KRB-KRN} g5 24. Nh5 Kf8 25. Kg2 Ke7 26. c5 {Ng7 is the strong threat.} Rd8 27. Rxd8 Kxd8 {KB-KN} 28. Nf6 Bb1 {[#]} 29. a3 $1 b6 30. Ne4 h6 31. Kf1 Ke7 32. Ke2 bxc5 33. Ke3 Ke6 34. Nxc5+ Kd5 35. Ne4 {aiming for Nc3+.} Bc2 36. Nc3+ Kc5 37. Ne4+ Kd5 38. Nc3+ Kc5 $1 39. Ne4+ {Precision: White = 77%, Black = 78%.} ({White should try} 39. b4+ $16 Kc4 40. Ne2) 1/2-1/2

[Event "BL 2017-18"]
[Site "Germany"]
[Date "2018.05.01"]
[Round "15"]
[White "Rapport, Richard"]
[Black "Bluebaum, Matthias"]
[Result "1-0"]
[WhiteElo "2713"]
[BlackElo "2616"]
[Annotator "TA"]
[PlyCount "35"]
[EventDate "2018.05.24"]
[EventType "team-tourn"]
[EventCountry "GER"]
[SourceTitle "playchess.com"]
[Source "ChessBase"]
[SourceQuality "1"]
[WhiteTeam "Solingen"]
[BlackTeam "SF Deizisau"]

{[%evp 16,35,6,0,63,53,145,138,139,154,195,214,193,211,303,274,352,266,359,379,929,922]} 1. e4 e6 2. d4 d5 3. exd5 exd5 4. Nf3 Nc6 5. Nc3 Bb4 6. Bd3 Nge7 {C01: French: Exchange Variation} 7. O-O Bg4 (7... O-O 8. Ne2 Bf5 9. c3 Bd6 10. Bf4 Re8 11. Bg3 Qd7 12. Bb5 a6 13. Ba4 Bg4 14. Qd3 {1-0 (57) Rapport,R (2707)-Akobian,V (2647) Riadh 2017}) 8. h3 Bh5 9. a3 {LiveBook: 3 Games} Bd6 (9... Bxc3 $11 10. bxc3 f6) 10. Re1 $14 Bxf3 $146 (10... O-O $14) ({Predecessor:} 10... Nxd4 11. g4 Nxf3+ 12. Qxf3 Bg6 13. Bxg6 hxg6 14. Nxd5 O-O 15. Nxe7+ Bxe7 16. Qxb7 {1-0 (46) Hovhannisyan,R (2591)-Vaganian,R (2577) Yerevan 2014}) 11. Qxf3 $16 Nxd4 12. Qxd5 $1 c6 13. Qh5 ({Worse is} 13. Qxd4 Bh2+ 14. Kxh2 Qxd4 $17) 13... Qd7 14. Ne4 Ne6 {[#]} (14... O-O-O $142 15. Nxd6+ (15. Qxf7 Bc7 $16) 15... Qxd6 16. Qxf7 Nd5) 15. Bh6 $1 $18 {[%mdl 512]} Qc7 (15... gxh6 16. Nf6+) 16. Bc4 Bh2+ 17. Kh1 Qe5 $2 (17... O-O 18. g3 Bxg3 19. fxg3 Nd5) 18. Ng5 {Precision: White = 85%, Black = 22%.} 1-0

[Event "BL 2017-18"]
[Site "Germany"]
[Date "2018.05.01"]
[Round "15"]
[White "Leko, Peter"]
[Black "Harikrishna, P.."]
[Result "1/2-1/2"]
[WhiteElo "2691"]
[BlackElo "2727"]
[Annotator "TA"]
[PlyCount "59"]
[EventDate "2018.05.24"]
[EventType "team-tourn"]
[EventCountry "GER"]
[SourceTitle "playchess.com"]
[Source "ChessBase"]
[SourceQuality "1"]
[WhiteTeam "SF Deizisau"]
[BlackTeam "Solingen"]

{[%evp 15,59,26,29,25,22,25,25,20,28,22,37,41,26,11,14,11,11,11,34,11,6,12,21,0,0,0,21,0,19,0,0,-29,-39,-51,-48,-65,-6,-57,-12,-13,0,0,0,0,6,6]} 1. e4 e5 2. Nf3 Nc6 3. Bb5 Nf6 4. d3 Bc5 5. c3 O-O 6. O-O {C65: Ruy Lopez: Berlin Defence (3...Nf6), unusual lines and 4 0-0 Bc5} d5 (6... Re8 7. Bg5 Be7 8. Re1 d6 9. d4 Bd7 10. d5 Nb8 11. Bxf6 Bxf6 12. a4 Be7 13. Na3 Rf8 14. Bxd7 Nxd7 {½-½ (31) Anand,V (2776)-Aronian,L (2794) Karlsruhe/Baden-Baden 2018}) 7. exd5 Qxd5 8. Bc4 Qd8 {LiveBook: 8 Games} 9. Nbd2 h6 10. b4 Bd6 11. Re1 a6 12. a4 Re8 13. Bb2 Bf5 14. Ne4 $146 Nxe4 15. dxe4 Be6 16. Bxe6 Rxe6 17. Bc1 a5 18. b5 Nb8 19. Qd5 Nd7 20. Be3 Rb8 21. h3 b6 22. Rad1 Qe8 23. Qc4 Bc5 24. Nd2 Bxe3 25. Rxe3 Rd6 (25... Rc8 $15) 26. Ree1 (26. Qxc7 $11 Qf8 27. Ree1) 26... Nc5 {[#] Strongly threatening ...Qd7.} 27. Nb3 $1 {[%cal Rb3c5] The position is equal.} Nxb3 28. Rxd6 cxd6 29. Qxb3 Qe6 30. c4 {Precision: White = 47%, Black = 65%.} 1/2-1/2